Bibliografía de Dámaso Alonso /

保存先:
書誌詳細
第一著者: Huarte Morton, Fernando (autor)
その他の著者: Ramírez Ovelar, Juan Antonio (autor) (autor)
フォーマット: 図書
言語:スペイン語
出版事項: Madrid, España : Gredos, 1998, c1998
シリーズ:(Biblioteca Románica Hispánica. Tratados y Monografías ; 18)
主題:
タグ: タグ追加
タグなし, このレコードへの初めてのタグを付けませんか!

MARC

LEADER 00000nam^a2200000^a^4500
001 000171970
005 20250521000000.0
009 20260310101402.362
037 |a Acervo ITESO - Biblioteca 
041 |a ESP 
082 |a 860. 94608  |b HUA 
100 |a Huarte Morton, Fernando  |e (autor) 
245 1 0 |a Bibliografía de Dámaso Alonso /  |c F. Huarte Morton, J.A. Ramírez Ovelar. 
264 4 |a Madrid, España :  |b Gredos,  |c 1998, c1998 
336 |a texto  |b txt  |2 rdacontenido 
337 |a sin mediación  |b n  |2 rdamedio 
338 |a volumen  |b nc  |2 rdasoporte 
440 1 |a (Biblioteca Románica Hispánica.  |p Tratados y Monografías ;  |v 18) 
649 |a XX 
650 |a Escritores Españoles -  |x Bibliografías 
650 |a Literatura Española -  |x Bibliografías 
650 |a Literatura Española -  |y Generación del 27 
650 |a Literatura Española -  |y Siglo XX 
600 1 |a Alonso, Dámaso 
700 |a Ramírez Ovelar, Juan Antonio  |e (autor) 
910 |a Fondo General 
920 |a Impresos - Libros 
930 |a Colección General 
940 |a Literatura 
905 |a 101 
901 |a 0500109718  |b IT1  |c LIT  |u 20250521 
902 |a https://opac.biblio.iteso.mx/vufind/Record/000171970